00236nam a2200085 a 450000500170000000800410001705000170005824500520007526000230012720140414093830.0970110s19uu xx 00 eng d aVHS SDbR 09 aMs. SIS HS :bInternational Week. Nov 27, 1998. cNovember 27, 1998.